Online
Catalog

Sin novedad en el frente / (Record no. 37546)

MARC details
000 -CABECERA
campo de control de longitud fija 00515nam a2200181 a 4500
001 - NÚMERO DE CONTROL
campo de control 000038056
005 - FECHA Y HORA DE LA ÚLTIMA TRANSACCIÓN
campo de control 20201002031150.0
008 - DATOS DE LONGITUD FIJA--INFORMACIÓN GENERAL
campo de control de longitud fija 130312s1985 mx 000 0 spa d
020 ## - NÚMERO INTERNACIONAL ESTÁNDAR DEL LIBRO
Número Internacional Estándar del Libro 9688471313
040 ## - FUENTE DE LA CATALOGACIÓN
Centro catalogador/agencia de origen DO-SdBNP
100 1# - ENTRADA PRINCIPAL--NOMBRE DE PERSONA
Nombre de persona Remarque, Erich M.
9 (RLIN) 64452
240 10 - TÍTULO UNIFORME
Título uniforme Im Westen nichts Neues.
Lenguaje de la obra español
245 10 - MENCIÓN DE TÍTULO
Título Sin novedad en el frente /
Mención de responsabilidad, etc. Erich M. Remarque.
260 ## - PUBLICACIÓN, DISTRIBUCIÓN, ETC.
Lugar de publicación, distribución, etc. México :
Nombre del editor, distribuidor, etc. Planeta,
Fecha de publicación, distribución, etc. 1985.
300 ## - DESCRIPCIÓN FÍSICA
Extensión 222 p. ;
Dimensiones 22 cm.
490 ## - MENCIÓN DE SERIE
Mención de serie Best Sellers
Designación de volumen o secuencia 22
830 #0 - PUNTO DE ACCESO ADICIONAL DE SERIE-TÍTULO UNIFORME
Título uniforme Best Sellers
Número de parte o sección de la obra 22
9 (RLIN) 64453

No items available.

Powered by Koha